| 000 | 02099nam0a2200397 i 4500 | ||
|---|---|---|---|
| 001 | RU\NLR\BIBL_A\010798659 | ||
| 005 | 20240725004333.0 | ||
| 010 |
_9200 _a9785750813469 |
||
| 021 |
_aRU _b2015-40896 _92432 |
||
| 029 | 1 | 0 |
_aRU _b2.6.1.0088-14 _cМР |
| 035 | _a(NILC)RuMoRGB-007946326 | ||
| 035 | _a(NLR Aleph) 010798659 | ||
| 090 |
_a10148385 _c10148385 |
||
| 100 | _a20150706d2014 k y0rusy50 ca | ||
| 101 | 0 | _arus | |
| 102 | _aRU | ||
| 105 | _ay l 000|y | ||
| 181 | 0 |
_ai _baxxe |
|
| 182 | 0 | _an | |
| 200 | 9 |
_aФорма федерального статистического наблюдения № 4-ДОЗ _iСведения о дозах облучения населения за счет естественного и техногенно измененного радиационного фона _eМР 2.6.1.0088-14 _fразработаны ФБУН " Санкт-Петербургский научно-исследовательский институт радиационной гигиены им. проф. П.В. Рамзаева" |
|
| 203 |
_aТекст _bвизуальный _cнепосредственный |
||
| 205 | _aИзд. офиц. | ||
| 210 |
_aМосква _cРоспотребнадзор _d2014 |
||
| 215 |
_a38 с. _d29 |
||
| 225 | 1 | _a2.6.1.Гигиена. Радиационная гигиена. Ионизирующее излучение, радиационная безопасность | |
| 225 | 1 |
_aГосударственное санитарно-эпидемиологическое нормирование Российской Федерации _fФедеральная служба по надзору в сфере защиты прав потребителей и благополучия человека |
|
| 239 | _aВвед. 18.03.2014 | ||
| 320 | _aБиблиогр.: с. 28-30 (15 назв.) | ||
| 517 | 1 | _aМР 2.6.1.0088-14 | |
| 686 |
_v2000 _2oks |
||
| 801 | 0 |
_aRU _bРГБ _c20150603 _gRCR |
|
| 801 | 1 |
_aRU _bРГБ _c20150603 _2rusmarc |
|
| 942 | _cBOOK | ||
| 980 | _aNBR | ||